Nicht nur Zuhause: sexuellen Missbrauch gibt es nicht nur in der Familie

Saved in:  
Bibliographic Details
Main Author: Enders, Ursula 1953- (Author)
Format: Print Article
Language:German
Published: 1987
In: Sozial extra
Year: 1987, Volume: 11, Issue: 9, Pages: 4-15
Check availability: HBZ Gateway
Keywords:

MARC

LEADER 00000caa a22000002c 4500
001 1640648437
003 DE-627
005 20220608132310.0
007 tu
008 140929s1987 xx ||||| 00| ||ger c
035 |a (DE-627)1640648437 
035 |a (DE-576)414930843 
035 |a (DE-599)BSZ414930843 
040 |a DE-627  |b ger  |c DE-627  |e rakwb 
041 |a ger 
100 1 |a Enders, Ursula  |d 1953-  |0 (DE-588)123085837  |0 (DE-627)08233840X  |0 (DE-576)166265918  |4 aut 
109 |a Enders, Ursula 1953-  |a Stockmar, Ursula 1953- 
245 1 0 |a Nicht nur Zuhause  |b sexuellen Missbrauch gibt es nicht nur in der Familie  |c Ursula Enders 
264 1 |c 1987 
336 |a Text  |b txt  |2 rdacontent 
337 |a ohne Hilfsmittel zu benutzen  |b n  |2 rdamedia 
338 |a Band  |b nc  |2 rdacarrier 
773 0 8 |i In  |t Sozial extra  |d Wiesbaden : Springer VS, 1985  |g 11(1987), 9, Seite 4-15  |w (DE-627)130411906  |w (DE-600)622791-0  |w (DE-576)015914852  |x 0931-279X  |7 nnas 
773 1 8 |g volume:11  |g year:1987  |g number:9  |g pages:4-15 
951 |a AR 
ELC |b 1 
LOK |0 000 xxxxxcx a22 zn 4500 
LOK |0 001 3302618654 
LOK |0 003 DE-627 
LOK |0 004 1640648437 
LOK |0 005 20140929133729 
LOK |0 008 140929||||||||||||||||ger||||||| 
LOK |0 040   |a DE-21-110  |c DE-627  |d DE-21-110 
LOK |0 689   |a s  |a Sexueller Missbrauch 
LOK |0 852   |z Kein Bestand am IfK; Nachweis für KrimDok 
LOK |0 852   |a DE-21-110 
LOK |0 852 1  |m v  |9 00 
LOK |0 935   |a k110 
LOK |0 938   |k v 
LOK |0 939   |a 29-09-14  |b l01 
ORI |a SA-MARC-krimdoka001.raw